| 000 | 01417nam a2200361 i 4500 | ||
|---|---|---|---|
| 001 | 124663 | ||
| 003 | FINmELB | ||
| 005 | 20241217175738.0 | ||
| 006 | m o u | ||
| 007 | cr cn||||||||| | ||
| 008 | 240422s2024 txu ob 000 0 spa d | ||
| 020 |
_a9780311000593 _q(e-book) |
||
| 035 | _a(OCoLC)1431001580 | ||
| 040 |
_aFINmELB _bspa _erda _cFINmELB |
||
| 050 | 1 | 4 |
_aLB1028 _bM593 2024 |
| 080 | _a37.015.4 | ||
| 082 | 0 | 4 |
_a370.72 _223 |
| 245 | 0 | 0 |
_aMetodología de la investigación educacional / _cVerónica Ronquillo Murrieta [y otros 6]. |
| 264 | 1 |
_aAmarillo, Texas : _bEditorial Tecnocientífica Americana, _c2024. |
|
| 300 | _a1 recurso en línea (155 páginas) | ||
| 336 |
_atexto _btxt _2rdamedia/spa |
||
| 337 |
_acomputadora _bc _2rdamedia/spa |
||
| 338 |
_arecurso en línea _bcr _2rdacarrier/spa |
||
| 504 | _aContiene bibliografía. | ||
| 588 | _aDescripción basada en metadatos suministrados por el editor y otras fuentes. | ||
| 590 | _aRecurso electrónico. Santa Fe, Arg.: elibro, 2024. Disponible vía World Wide Web. El acceso puede estar limitado para las bibliotecas afiliadas a elibro. | ||
| 650 | 4 |
_aEducación _xInvestigación. |
|
| 650 | 4 |
_aInvestigación _xMetodología. |
|
| 655 | 4 | _aLibros electrónicos. | |
| 700 | 1 |
_aRonquillo Murrieta, Verónica, _ecoordinador. |
|
| 797 | 2 | _aelibro, Corp. | |
| 856 | 4 | 0 | _uhttps://elibro.net/ereader/politecnicointernacional/253751 |
| 999 |
_c124663 _d124663 |
||